[Event "Barbera del Valles op 42nd"]
[Site "Barbera del Valles"]
[Date "2019.07.07"]
[Round "4"]
[White "Singh, Vibhav"]
[Black "Esteban Lupianez, Jose Miguel"]
[Result "1-0"]
[WhiteElo "1601"]
[BlackElo "1672"]
[PlyCount "81"]
[EventDate "2019.07.04"]
[EventType "swiss"]
[EventRounds "9"]
[EventCountry "ESP"]
[SourceTitle "CBM 191 Extra"]
[Source "ChessBase"]
[SourceDate "2019.09.30"]
[SourceVersion "1"]
[SourceVersionDate "2019.09.30"]
[SourceQuality "1"]

1. d4 Nf6 2. Nf3 g6 3. Nbd2 d5 4. b4 Bg7 5. e3 Bf5 6. c4 e6 7. Be2 Qe7 8. Qa4+ c6 9. Ba3 Bf8 10. c5 Qc7 11. b5 Nfd7 12. 0-0 h6 13. b6 Qd8 14. Nb3 Bc2 15. Nfd2 g5 16. Rac1 Bf5 17. Na5 Qc8 18. Qb3 h5 19. Bd3 Bxd3 20. Qxd3 Nf6 21. e4 Be7 22. e5 Nfd7 23. f4 gxf4 24. Rxf4 Bg5 25. Rf3 Nf8 26. Rcf1 Rh7 27. Rg3 Bxd2 28. Qxd2 Ng6 29. Qf2 Kd7 30. Rf3 Nh8 31. Qc2 Rg7 32. Qd2 Ke7 33. Qh6 Qg8 34. Qf6+ Kd7 35. R3f2 Kc8 36. Nxb7 Nd7 37. Nd6+ Kb8 38. Qe7 f5 39. exf6 Rf7 40. Nxf7 Qxf7 41. Qd6+ 1-0

[Event "Barbera del Valles op 42nd"]
[Site "Barbera del Valles"]
[Date "2019.07.06"]
[Round "3"]
[White "Singh, Vibhav"]
[Black "Di Chiara, Mauro"]
[Result "0-1"]
[WhiteElo "1601"]
[BlackElo "1881"]
[PlyCount "74"]
[EventDate "2019.07.04"]
[EventType "swiss"]
[EventRounds "9"]
[EventCountry "ESP"]
[SourceTitle "CBM 191 Extra"]
[Source "ChessBase"]
[SourceDate "2019.09.30"]
[SourceVersion "1"]
[SourceVersionDate "2019.09.30"]
[SourceQuality "1"]

1. d4 Nf6 2. Nf3 g6 3. Nbd2 Bg7 4. e4 d6 5. Bd3 0-0 6. 0-0 Nc6 7. h3 e5 8. c3 Nh5 9. d5 Ne7 10. b4 Nf4 11. Nb3 c6 12. Bxf4 exf4 13. dxc6 Nxc6 14. Rc1 Be6 15. Qd2 Ne5 16. Be2 Nxf3+ 17. Bxf3 Qg5 18. Kh1 Rfd8 19. Nd4 Bc4 20. Be2 d5 21. Bxc4 dxc4 22. Rfd1 a5 23. a3 axb4 24. axb4 b5 25. Qc2 Bxd4 26. cxd4 Qe7 27. Rb1 Ra4 28. e5 f3 29. g4 Qa7 30. Qe4 Ra2 31. Kg1 Qa8 32. Qxa8 Rdxa8 33. d5 Re2 34. Re1 Raa2 35. Rxe2 fxe2 36. d6 Rd2 37. f4 Rd1+ 0-1